|
|
|
|
| LEADER |
01055nam a2200229 a 4500 |
| 001 |
302990 |
| 008 |
090909s1972 nyu b 001 0 eng d |
| 010 |
|
|
|a 72189298
|
| 040 |
|
|
|a DLC
|c DLC
|d DLC
|
| 082 |
0 |
0 |
|a 370.11/3/096
|
| 100 |
1 |
|
|a Sheffield, James R.
|
| 245 |
1 |
0 |
|a Non-formal education in African development ;
|c report of a survey conducted by the African-American Institute, with financial support from the United States Agency for International Development, by James R. Sheffield [and] Victor P. Diejomaoh.
|
| 260 |
|
|
|a New York,
|b African-American Institute,
|c 1972.
|
| 300 |
|
|
|a xiv, 258 p.
|c 23 cm.
|
| 504 |
|
|
|a Bibliography: p. 225-246.
|
| 541 |
1 |
|
|e 00002351
|
| 650 |
|
0 |
|a Non-formal education
|z Africa.
|
| 700 |
1 |
|
|a Diejomaoh, Victor P.,
|d 1940-
|e joint author.
|
| 710 |
2 |
|
|a African-American Institute.
|
| 852 |
4 |
|
|a Ayesha Abed Library
|j General Shelf.
|
| 999 |
|
|
|c 3997
|d 3997
|
| 952 |
|
|
|0 0
|1 0
|2 ddc
|4 0
|6 370_113096000000000_SHE_1972
|7 0
|8 NFIC
|9 3688
|a BRACUL
|b BRACUL
|c GEN
|d 2009-10-01
|g 274.40
|l 0
|o 370.113096 SHE
|p 3010002351
|r 2009-10-01
|t 1
|w 2009-10-01
|y BK
|